Statistics for NCAA Football: 2017 Preseason Heisman Contenders/ Favorites

Click here to take the quiz!

General Stats

  • This quiz has been taken 71 times
  • The average score is 12 of 25

Answer Stats

Rank #CollegePositionAnswer% Correct
1OklahomaQBBaker Mayfield
95%
3LouisvilleQBLamar Jackson
94%
4Penn StateRBSaquon Barkley
90%
2USC (Southern California)QBSam Darnold
85%
22NorthwesternRBJustin Jackson
84%
11GeorgiaRBNick Chubb
66%
18AlabamaQBJalen Hurts
63%
13UCLA (California Los-Angeles)QBJosh Rosen
63%
5Ohio StateQBJ.T. Barrett
61%
15Penn StateQBTrace McSorley
55%
6LSU (Louisana State)RBDerrius Guice
48%
7WashingtonQBJake Browning
48%
9Oklahoma StateQBMason Rudolph
48%
25HoustonDTEd Oliver
39%
14Florida StateQBDeOndre Francois
37%
8AuburnQBJarrett Stidham
37%
23Mississippi StateQBNick Fitzgerald
35%
12Washington StateQBLuke Falk
31%
16USF (South Florida)QBQuinton Flowers
31%
19OregonRBRoyce Freeman
31%
10AlabamaRBBo Scarbrough
26%
20Oklahoma StateWRJames Washington
26%
24WashingtonRBMyles Gaskin
24%
21ArkansasRBRawleigh Williams III
10%
17AuburnRBKamryn Pettway
8%

Score Distribution

Percentile by Number Answered

Percent of People with Each Score

Your Score History

You have not taken this quiz